Futures Of Relevance: Architecture and Building Practices in India (Record no. 11189)
[ view plain ]
| 000 -LEADER | |
|---|---|
| fixed length control field | 00248 a2200085 4500 |
| 020 ## - INTERNATIONAL STANDARD BOOK NUMBER | |
| International Standard Book Number | 9789381452035 |
| 100 ## - MAIN ENTRY--PERSONAL NAME | |
| Personal name | Madhav Doebhakta |
| 245 ## - TITLE STATEMENT | |
| Title | Futures Of Relevance: Architecture and Building Practices in India |
| 260 ## - PUBLICATION, DISTRIBUTION, ETC. | |
| Name of publisher, distributor, etc. | Super book house /Mumbai |
| Date of publication, distribution, etc. | 2021 |
| Withdrawn status | Lost status | Source of classification or shelving scheme | Damaged status | Not for loan | Permanent Location | Current Location | Date acquired | Source of acquisition | Cost, normal purchase price | Total Checkouts | Full call number | Barcode | Date last seen | Date last checked out | Cost, replacement price | Price effective from | Koha item type | Public note |
|---|---|---|---|---|---|---|---|---|---|---|---|---|---|---|---|---|---|---|
| BMS College of Architecture, Design and Planning | BMS College of Architecture, Design and Planning | 2023-03-07 | 10 | 1960.00 | 2 | 300 | AR-UG2857 | 2025-01-31 | 2025-01-30 | 2800.00 | 2023-03-07 | UG Books | S-09 |